Fifa 19 Top 100 Players - Statistics

General Stats
  • This quiz has been taken 48 times
  • The average score is 78 of 100
Answer Stats
Rating Position Club Nationality Footballer % Correct
94 CF F.C Barcelona Argentina Lionel Messi
100%
91 ST F.C Barcelona Uruguay Luis Suarez
100%
94 ST Juventus Portugal Cristiano Ronlado
97%
92 LW PSG Brazil Neymar
97%
89 ST Atletico Madrid France Antoine Griezmann
94%
88 RW Real Madrid Wales Garreth Bale
94%
91 CAM Manchester City Belgium Kevin De Bruyne
94%
91 CM Real Madrid Croatia Luka Modric
94%
88 RW Liverpool Egypt Mohammed Salah
94%
89 CDM Chelsea France N'Golo Kante
94%
88 LW F.C Barcelona Brazil Phillippe Coutinho
94%
90 ST Bayern Munich Poland Robert Lewandowski
94%
89 ST Manchester City Argentina Sergio Aguero
94%
90 CM Real Madrid Germany Toni Kroos
94%
89 CAM Manchester City Spain David Silva
91%
91 LW Chelsea Belgium Eden Hazard
91%
89 ST PSG Uruguay Edison Cavani
91%
89 ST Spurs England Harry Kane
91%
88 LB Real Madrid Brazil Marcelo
91%
88 CM Manchester United France Paul Pogba
91%
91 CB Real Madrid Spain Sergio Ramos
91%
88 CB PSG Brazil Thiago Silva
91%
86 CF Bayern Munich Germany Thomas Muller
91%
85 ST Atletico Madrid Spain Diego Costa
88%
90 CB Atletico Madrid Uruguay Diego Godin
88%
88 ST Juventus Argentina Gonzalo Higuain
88%
89 CAM Real Madrid Spain Isco
88%
86 CAM Arsenal Germany Mesut Ozil
88%
86 CDM Manchester United Serbia Nemanja Matic
88%
85 RW Manchester City Algeria Riyad Mahrez
88%
86 CF Liverpool Brazil Robert Firmino
88%
87 ST Manchester City Belgium Romelu Lukaku
88%
86 LW Liverpool Senegal Sadio Mane
88%
87 LW Arsenal Chile Alexis Sanchez
85%
86 LM Juventus Brazil Douglas Costa
85%
87 CM F.C Barcelona Croatia Ivan Rakitic
85%
88 CAM Bayern Munich Colombia James Rodriguez
85%
86 LW Manchester City Germany Leroy Sane
85%
89 CAM Juventus Argentina Paulo Dybala
85%
87 ST Arsenal Gabon Pierre-Emerick Aubameyang
85%
85 RW Manchester City England Raheem Sterling
85%
88 CDM F.C Barcelona Spain Sergio Busquets
85%
85 RM Bayern Munich Netherlands Arjen Robben
82%
88 CDM Real Madrid Brazil Casemiro
82%
86 CDM Manchester City Brazil Fernandinho
82%
87 CB F.C Barcelona Spain Gerald Pique
82%
89 CB Juventus Italy Giorgio Chiellini
82%
89 CB Bayern Munich Germany Mats Hummels
82%
85 CB Besiktas Portugal Pepe
82%
85 ST AS Monaco Colombia Radamel Falcao
82%
87 CB F.C Barcelona France Samuel Umtiti
82%
87 CM Vissell Kobe Spain Andre Iniesta
79%
87 CF Napoli Belgium Dries Mertens
79%
85 LM Bayern Munich France Frank Ribery
79%
87 LB F.C Barcelona Spain Jordi Alba
79%
87 RW PSG France Kylian Mbappe
79%
88 LW Napoli Italy Lorenzo Insigne
79%
85 CB Liverpool Netherlands Virgil van Dijk
79%
85 ST LA Galaxy Sweden Zlatan Ibrahimovic
79%
87 CB Spurs Belgium Jan Vertonghen
76%
86 CB Bayern Munich Germany Jerome Boateng
76%
86 CB Juventus Italy Leonardo Bonucci
76%
86 CM PSG Italy Marco Verratti
76%
86 CB Manchester City Argentina Nicolas Otamendi
76%
86 CB Real Madrid France Raphael Varane
76%
86 LM Inter Croatia Ivan Perisic
74%
87 ST Inter Agrentina Mauro Icardi
74%
86 CB Juventus Morocco Medhi Benatia
74%
85 CAM Olympique Lyonnais France Nabil Fekir
74%
86 CM Bayern Munich Spain Thiago
74%
85 CB Manchester City Belgium Vincent Kompany
74%
85 CDM F.C Barcelona Chile Arturo Vidal
71%
87 CB Napoli Senegal Kalidou Koulibaly
71%
87 CM Napoli Slovania Marek Hamsik
71%
85 CB Spurs Belgium Toby Alderweireld
71%
86 LB Juventus Brazil Alex Sandro
68%
88 CAM Spurs England Christian Eriksen
68%
85 CM Atletico Madrid Spain Koke
68%
85 LW Real Madrid Spain Marco Asensio
68%
85 LM Borussia Dortmund Germany Marco Reus
68%
86 CM Juventus Bosnia Miralem Pjanic
68%
85 CB Inter Brazil Miranda
68%
85 CM Atletico Madrid Spain Saul
68%
87 ST Lazio Italy Ciro Immobile
65%
85 LB Atletico Madrid Brazil Fillipe Luis
62%
85 RB Bayern Munich Germany Joshua Kimmich
62%
85 CB AC Roma Greece Kostas Manolas
62%
86 CB Schalke 04 Brazil Naldo
62%
85 CDM Juventus France Blaise Matuidi
59%
86 CM Valencia CF Spain Daniel Parejo
59%
85 RW RC Celta de Vigo Spain Iago Aspas
59%
85 CM Juventus Germany Sami Khedira
59%
85 CDM Liverpool Brazil Fabinho
56%
85 CM F.C Barcelona Brazil Paulinho
56%
85 CM AC Roma Belgium Radja Nainggolan
53%
85 LB Bayern Munich Poland David Alaba
50%
85 LM FC Porto Algeria Yacine Brahimi
47%
85 CB Inter Slovakia Milan Skriniar
44%
85 CM Lazio Croatia Sergej Milinko-Savic
38%
86 CB Chelsea Spain Cesar Apzilicueta
0%
No matching quizzes found
Score Distribution
Percent of People with Each Score
Percentile by Number Answered
Your Score History
You have not taken this quiz